Ancient Egypt: Anatomy of a civilization (Record no. 314046)

MARC details
000 -LEADER
fixed length control field 00493nam a22002057a 4500
005 - DATE & TIME
control field 20240201151804.0
008 - FIXED-LENGTH DATA ELEMENTS--GENERAL INFORMATION
fixed length control field 240201b |||||||| |||| 00| 0 eng d
020 ## - ISBN
International Standard Book Number 9780415827263
Price £ 38.99
040 ## - CATALOGING SOURCE
Original cataloging agency VIVEKANANDA LIBRARY
082 ## - DDC NUMBER
Classification number 932
Book Number K32A(3)
100 ## - MAIN ENTRY--PERSONAL NAME
Personal name Kemp. Barry J
245 ## - TITLE STATEMENT
Title Ancient Egypt: Anatomy of a civilization
250 ## - EDITION STATEMENT
Edition statement 3rd
260 ## - PUBLICATION, DISTRIBUTION, ETC. (IMPRINT)
Place of publication, distribution, etc Oxon
Name of publisher, distributor, etc Routledge
Date of publication, distribution, etc 2018
300 ## - PHYSICAL DESCRIPTION
Pages xvi, 398
650 ## - Subject
Subject Civilization
650 ## - Subject
Subject Egypt
650 ## - Subject
Subject History
942 ## - ADDED ENTRY ELEMENTS (KOHA)
Koha item type Books
Holdings
Withdrawn status Lost status Source of classification or shelving scheme Damaged status Not for loan Location (home branch) Sublocation or collection (holding branch) Date acquired Koha issues (times borrowed) Koha full call number Accession No. Koha date last seen Koha item type
    Dewey Decimal Classification     VIVEKANANDA LIBRARY VIVEKANANDA LIBRARY 01/02/2024   932 K32A(3) 404767 01/02/2024 Books
© Designed and Maintained by Vivekananda Library, MDU Rohtak